| 000 | 00618nam a2200229Ia 4500 | ||
|---|---|---|---|
| 003 | OSt | ||
| 005 | 20220918202542.0 | ||
| 006 | a|||||r|||| 00| 0 | ||
| 007 | ta | ||
| 008 | 220917b |||||||| |||| 00| 0 eng d | ||
| 024 | _a102,075 | ||
| 037 | _cTextual | ||
| 040 |
_aARTS _cARTS _beng |
||
| 041 |
_2eng _aeng |
||
| 082 | _aV225.3G.K8, L5-;1 | ||
| 100 |
_aAnsari N H _9104304 |
||
| 245 | 0 | _aChronicles of the seige of Golkonda Fort | |
| 260 |
_aDelhi _bIdarahi Adabiyati Delli _c1975 |
||
| 650 | _aHISTORY | ||
| 942 |
_hV225.3G.K8, L5-;1 _cTEXL _2CC |
||
| 999 |
_c225535 _d225535 |
||